[Event "U12-U20 French Championships"]
[Site "chess24.com"]
[Date "2019.04.20"]
[Round "8"]
[White "David, Marie"]
[Black "Marcellier, Lucie"]
[Result "1/2-1/2"]
[Board "34"]
[WhiteElo "1524"]
[WhiteCountry "FRA"]
[WhiteFideId "36051217"]
[WhiteEloChange "3"]
[BlackElo "1646"]
[BlackCountry "FRA"]
[BlackFideId "36033995"]
[BlackEloChange "-3"]

1. d4 {[%clk 1:30:55]} c5 {[%clk 1:30:53]} 2. e3 {[%clk 1:30:05]} d5 {[%clk
1:31:04]} 3. c3 {[%clk 1:29:44]} Nf6 {[%clk 1:31:07]} 4. Bd3 {[%clk 1:30:01]} Nc6
{[%clk 1:30:47]} 5. f4 {[%clk 1:26:56]} g6 {[%clk 1:26:40]} 6. Nd2 {[%clk
1:23:52]} b6 {[%clk 1:23:29]} 7. Ngf3 {[%clk 1:16:48]} Bg7 {[%clk 1:18:17]} 8.
Ne5 {[%clk 1:13:43]} Nxe5 {[%clk 1:02:57]} 9. fxe5 {[%clk 1:14:00]} Nd7 {[%clk
1:01:59]} 10. Qf3 {[%clk 1:11:37]} e6 {[%clk 0:54:12]} 11. O-O {[%clk 1:11:15]}
O-O {[%clk 0:54:21]} 12. Qh3 {[%clk 0:51:30]} Qe7 {[%clk 0:51:12]} 13. Nf3 {[%clk
0:44:38]} f6 {[%clk 0:44:31]} 14. exf6 {[%clk 0:44:30]} Nxf6 {[%clk 0:44:12]} 15.
Ne5 {[%clk 0:44:03]} Nd7 {[%clk 0:39:12]} 16. Rxf8+ {[%clk 0:42:55]} Bxf8 {[%clk
0:36:08]} 17. Nxd7 {[%clk 0:40:11]} Bxd7 {[%clk 0:36:19]} 18. Qf3 {[%clk
0:37:13]} Bg7 {[%clk 0:35:50]} 19. Bd2 {[%clk 0:35:51]} Rf8 {[%clk 0:33:49]} 20.
Qg3 {[%clk 0:34:42]} e5 {[%clk 0:33:44]} 21. Re1 {[%clk 0:33:54]} Qd8 {[%clk
0:29:04]} 22. dxe5 {[%clk 0:32:06]} Qc7 {[%clk 0:26:37]} 23. e4 {[%clk 0:26:41]}
Bxe5 {[%clk 0:26:44]} 24. Qg5 {[%clk 0:27:00]} Bxh2+ {[%clk 0:23:27]} 25. Kh1
{[%clk 0:27:21]} Bg3 {[%clk 0:17:33]} 26. Qxd5+ {[%clk 0:24:30]} Kh8 {[%clk
0:17:22]} 27. Rc1 {[%clk 0:23:11]} Bc6 {[%clk 0:14:59]} 28. Qe6 {[%clk 0:18:48]}
Qd8 {[%clk 0:13:30]} 29. Bh6 {[%clk 0:15:45]} Re8 {[%clk 0:09:53]} 30. Qxc6
{[%clk 0:09:19]} Qh4+ {[%clk 0:09:13]} 31. Kg1 {[%clk 0:09:43]} Rg8 {[%clk
0:07:17]} 32. Kf1 {[%clk 0:05:10]} Qxh6 {[%clk 0:04:13]} 33. Qf6+ {[%clk
0:05:27]} Qg7 {[%clk 0:04:31]} 34. Qxg7+ {[%clk 0:05:37]} Kxg7 {[%clk 0:04:56]}
35. Ke2 {[%clk 0:05:52]} Rf8 {[%clk 0:03:30]} 36. Rf1 {[%clk 0:05:56]} Rxf1
{[%clk 0:03:42]} 37. Kxf1 {[%clk 0:06:22]} Kf6 {[%clk 0:03:38]} 38. Ke2 {[%clk
0:05:41]} Ke5 {[%clk 0:04:03]} 39. Kf3 {[%clk 0:05:28]} Bf4 {[%clk 0:03:22]} 40.
Bc4 {[%clk 0:03:12]} Bc1 {[%clk 0:03:03]} 41. Bg8 {[%clk 0:02:24]} h6 {[%clk
0:03:16]} 42. Bh7 {[%clk 0:02:41]} Kf6 {[%clk 0:03:29]} 43. Bg8 {[%clk 0:02:22]}
Bxb2 {[%clk 0:03:51]} 44. c4 {[%clk 0:02:46]} a6 {[%clk 0:02:06]} 45. a4 {[%clk
0:03:06]} Ke5 {[%clk 0:01:24]} 46. Bd5 {[%clk 0:02:33]} Kd4 {[%clk 0:00:42]} 47.
Kf4 {[%clk 0:01:44]} Bc1+ {[%clk 0:00:32]} 48. Kg4 {[%clk 0:01:58]} Ke5 {[%clk
0:00:35]} 49. Kf3 {[%clk 0:01:37]} g5 {[%clk 0:00:44]} 50. Kg4 {[%clk 0:02:00]}
Bd2 {[%clk 0:00:37]} 51. Kh5 {[%clk 0:01:58]} Kd4 {[%clk 0:00:43]} 52. Kxh6
{[%clk 0:02:09]} g4+ {[%clk 0:01:08]} 53. Kh5 {[%clk 0:02:32]} g3 {[%clk
0:01:17]} 54. Kg4 {[%clk 0:02:58]} Ke5 {[%clk 0:00:41]} 55. Kxg3 {[%clk 0:03:06]}
Bf4+ {[%clk 0:01:03]} 56. Kf3 {[%clk 0:03:29]} Bh6 {[%clk 0:01:16]} 57. g3 {[%clk
0:03:21]} Bg5 {[%clk 0:00:43]} 58. Kg4 {[%clk 0:03:41]} Be7 {[%clk 0:00:49]} 59.
Kh5 {[%clk 0:03:11]} Bd8 {[%clk 0:00:44]} 60. Bb7 {[%clk 0:01:57]} a5 {[%clk
0:00:51]} 61. Bd5 {[%clk 0:02:19]} Be7 {[%clk 0:01:11]} 62. Kg6 {[%clk 0:02:00]}
Bd8 {[%clk 0:01:15]} 63. Kf7 {[%clk 0:02:20]} Bg5 {[%clk 0:01:03]} 64. Ke8 {[%clk
0:02:19]} Kd6 {[%clk 0:01:05]} 65. e5+ {[%clk 0:01:49]} Kxe5 {[%clk 0:00:49]} 66.
Kd7 {[%clk 0:02:15]} Kd4 {[%clk 0:01:01]} 67. Kc7 {[%clk 0:02:21]} Bd2 {[%clk
0:01:11]} 68. Kxb6 {[%clk 0:02:39]} Bb4 {[%clk 0:01:30]} 69. g4 {[%clk 0:02:04]}
Ke5 {[%clk 0:01:46]} 70. Kc6 {[%clk 0:01:42]} Kf6 {[%clk 0:01:58]} 71. Be4 {[%clk
0:01:43]} Kg5 {[%clk 0:02:06]} 72. Bf5 {[%clk 0:02:05]} Kf6 {[%clk 0:02:25]} 73.
Kd5 {[%clk 0:02:20]} Kg5 {[%clk 0:02:34]} 74. Ke5 {[%clk 0:02:25]} Bc3+ {[%clk
0:02:46]} 75. Kd5 {[%clk 0:02:09]} Bb4 {[%clk 0:02:56]} 76. Ke6 {[%clk 0:02:17]}
Bc3 {[%clk 0:03:08]} 77. Kd5 {[%clk 0:02:10]} Bb4 {[%clk 0:00:14]} 1/2-1/2

[Event "U12-U20 French Championships"]
[Site "chess24.com"]
[Date "2019.04.21"]
[Round "9"]
[White "Denninger, Guilhem"]
[Black "Laurent-Paoli, Pierre"]
[Result "0-1"]
[Board "3"]
[WhiteElo "2135"]
[WhiteCountry "FRA"]
[WhiteFideId "26060027"]
[WhiteEloChange "-4"]
[BlackTitle "FM"]
[BlackElo "2352"]
[BlackCountry "FRA"]
[BlackFideId "26017962"]
[BlackEloChange "4"]

1. c4 {[%clk 1:30:57]} b6 {[%clk 1:30:54]} 2. Nc3 {[%clk 1:31:15]} Bb7 {[%clk
1:31:18]} 3. Nf3 {[%clk 1:31:11]} c5 {[%clk 1:28:57]} 4. e4 {[%clk 1:31:18]} d6
{[%clk 1:26:53]} 5. Bd3 {[%clk 1:29:49]} g6 {[%clk 1:21:31]} 6. Bc2 {[%clk
1:27:52]} Bg7 {[%clk 1:19:57]} 7. d4 {[%clk 1:20:58]} cxd4 {[%clk 1:17:34]} 8.
Nxd4 {[%clk 1:21:23]} Nf6 {[%clk 1:17:59]} 9. O-O {[%clk 1:19:51]} O-O {[%clk
1:18:24]} 10. Be3 {[%clk 1:19:01]} Nbd7 {[%clk 1:16:59]} 11. f3 {[%clk 1:13:53]}
Rc8 {[%clk 1:12:26]} 12. b3 {[%clk 1:13:10]} a6 {[%clk 1:07:44]} 13. Qd2 {[%clk
1:13:16]} e6 {[%clk 1:05:29]} 14. Nde2 {[%clk 1:00:35]} Qe7 {[%clk 1:03:43]} 15.
Rac1 {[%clk 0:53:44]} d5 {[%clk 0:53:30]} 16. cxd5 {[%clk 0:43:11]} exd5 {[%clk
0:53:39]} 17. Nxd5 {[%clk 0:36:35]} Bxd5 {[%clk 0:33:16]} 18. exd5 {[%clk
0:37:03]} Rfe8 {[%clk 0:32:42]} 19. Kf2 {[%clk 0:31:13]} Nxd5 {[%clk 0:31:41]}
20. Be4 {[%clk 0:27:53]} Rxc1 {[%clk 0:31:29]} 21. Nxc1 {[%clk 0:21:20]} Nxe3
{[%clk 0:31:24]} 22. Qxe3 {[%clk 0:21:44]} Kh8 {[%clk 0:27:59]} 23. Qd2 {[%clk
0:18:44]} f5 {[%clk 0:25:55]} 24. Bb1 {[%clk 0:14:34]} Qc5+ {[%clk 0:25:56]} 25.
Kg3 {[%clk 0:14:51]} f4+ {[%clk 0:26:17]} 0-1

[Event "U12-U20 French Championships"]
[Site "chess24.com"]
[Date "2019.04.21"]
[Round "9"]
[White "Anastasie, Laure"]
[Black "Pigeat, Typhaine"]
[Result "1/2-1/2"]
[Board "7"]
[WhiteElo "1445"]
[WhiteCountry "FRA"]
[WhiteFideId "26091607"]
[WhiteEloChange "7"]
[BlackElo "1742"]
[BlackCountry "FRA"]
[BlackFideId "20695446"]
[BlackEloChange "-7"]

1. e4 {[%clk 1:30:57]} c5 {[%clk 1:30:51]} 2. c3 {[%clk 1:30:54]} d5 {[%clk
1:29:06]} 3. exd5 {[%clk 1:30:50]} Qxd5 {[%clk 1:29:27]} 4. d4 {[%clk 1:27:42]}
Nc6 {[%clk 1:27:15]} 5. Nf3 {[%clk 1:25:03]} Bg4 {[%clk 1:18:43]} 6. Be2 {[%clk
1:17:19]} e6 {[%clk 1:15:46]} 7. O-O {[%clk 1:16:21]} Nf6 {[%clk 1:09:52]} 8. Be3
{[%clk 1:14:22]} cxd4 {[%clk 1:02:43]} 9. cxd4 {[%clk 1:09:01]} Bd6 {[%clk
0:58:30]} 10. h3 {[%clk 1:05:58]} Qh5 {[%clk 0:36:59]} 11. hxg4 {[%clk 0:51:54]}
Nxg4 {[%clk 0:37:17]} 12. g3 {[%clk 0:52:15]} Bxg3 {[%clk 0:26:12]} 13. fxg3
{[%clk 0:52:14]} Nxe3 {[%clk 0:26:31]} 14. Qd3 {[%clk 0:51:15]} Nxf1 {[%clk
0:22:48]} 15. Kxf1 {[%clk 0:51:16]} Qh1+ {[%clk 0:17:59]} 16. Ng1 {[%clk
0:50:29]} Qh6 {[%clk 0:16:11]} 17. Nc3 {[%clk 0:50:16]} O-O {[%clk 0:13:26]} 18.
Rd1 {[%clk 0:43:51]} Rad8 {[%clk 0:13:29]} 19. Nf3 {[%clk 0:42:08]} Nb4 {[%clk
0:09:43]} 20. Qb1 {[%clk 0:41:53]} Nd5 {[%clk 0:06:38]} 21. Nxd5 {[%clk 0:38:41]}
Rxd5 {[%clk 0:06:35]} 22. Kg2 {[%clk 0:38:43]} Qf6 {[%clk 0:03:33]} 23. Bd3
{[%clk 0:35:27]} g6 {[%clk 0:01:57]} 24. Be4 {[%clk 0:34:08]} Rd7 {[%clk
0:01:56]} 25. Qc1 {[%clk 0:33:03]} Rfd8 {[%clk 0:01:41]} 26. b3 {[%clk 0:31:06]}
Qe7 {[%clk 0:01:38]} 27. Rd2 {[%clk 0:28:44]} Qb4 {[%clk 0:01:19]} 28. a3 {[%clk
0:27:22]} Qb6 {[%clk 0:01:26]} 29. Qc3 {[%clk 0:24:56]} f5 {[%clk 0:01:27]} 30.
Bb1 {[%clk 0:25:09]} a6 {[%clk 0:01:17]} 31. b4 {[%clk 0:25:23]} Qc7 {[%clk
0:01:36]} 1/2-1/2

[Event "U12-U20 French Championships"]
[Site "chess24.com"]
[Date "2019.04.21"]
[Round "9"]
[White "Budak, Lori"]
[Black "Bellahcene, Anissa"]
[Result "0-1"]
[Board "9"]
[WhiteElo "1679"]
[WhiteCountry "FRA"]
[WhiteFideId "36037630"]
[WhiteEloChange "-6"]
[BlackElo "1816"]
[BlackCountry "FRA"]
[BlackFideId "678384"]
[BlackEloChange "6"]

1. e4 {[%clk 1:26:15]} e5 {[%clk 1:30:53]} 2. Nf3 {[%clk 1:26:36]} Nc6 {[%clk
1:31:16]} 3. Bc4 {[%clk 1:26:58]} Be7 {[%clk 1:31:38]} 4. O-O {[%clk 1:27:05]}
Nf6 {[%clk 1:32:03]} 5. d3 {[%clk 1:26:57]} d6 {[%clk 1:32:25]} 6. c3 {[%clk
1:26:30]} O-O {[%clk 1:32:44]} 7. h3 {[%clk 1:23:22]} Be6 {[%clk 1:31:27]} 8.
Bxe6 {[%clk 1:23:36]} fxe6 {[%clk 1:31:25]} 9. Qb3 {[%clk 1:23:53]} Qc8 {[%clk
1:30:35]} 10. Ng5 {[%clk 1:23:34]} d5 {[%clk 1:29:05]} 11. Nd2 {[%clk 1:17:37]}
h6 {[%clk 1:29:11]} 12. Ngf3 {[%clk 1:17:25]} b6 {[%clk 1:24:25]} 13. Re1 {[%clk
1:15:28]} d4 {[%clk 1:21:09]} 14. Qb5 {[%clk 1:13:22]} dxc3 {[%clk 1:18:53]} 15.
bxc3 {[%clk 1:13:21]} Qd7 {[%clk 1:19:19]} 16. Nxe5 {[%clk 1:11:36]} Nxe5 {[%clk
1:19:25]} 17. Qxe5 {[%clk 1:11:59]} Bd6 {[%clk 1:19:46]} 18. Qd4 {[%clk 1:12:06]}
c5 {[%clk 1:18:05]} 19. Qc4 {[%clk 1:06:30]} b5 {[%clk 1:16:39]} 20. Qb3 {[%clk
1:05:57]} Bf4 {[%clk 1:10:41]} 21. Nf3 {[%clk 0:57:40]} Nh5 {[%clk 1:10:32]} 22.
Ba3 {[%clk 0:46:30]} Bd6 {[%clk 1:06:26]} 23. Rad1 {[%clk 0:42:28]} Nf4 {[%clk
1:05:15]} 24. Re3 {[%clk 0:36:59]} Kh8 {[%clk 1:03:47]} 25. e5 {[%clk 0:25:42]}
Be7 {[%clk 1:04:04]} 26. Kh2 {[%clk 0:25:19]} a5 {[%clk 1:01:46]} 27. c4 {[%clk
0:24:24]} b4 {[%clk 1:00:17]} 28. Bc1 {[%clk 0:23:15]} a4 {[%clk 1:00:31]} 29.
Qc2 {[%clk 0:23:33]} Qb7 {[%clk 0:59:18]} 30. Re4 {[%clk 0:22:04]} Nxd3 {[%clk
0:57:49]} 31. Qxd3 {[%clk 0:16:43]} Rad8 {[%clk 0:57:28]} 32. Nd4 {[%clk
0:15:47]} Rxd4 {[%clk 0:56:17]} 33. Rxd4 {[%clk 0:16:00]} cxd4 {[%clk 0:56:01]}
34. f3 {[%clk 0:14:49]} Bc5 {[%clk 0:55:28]} 35. Bb2 {[%clk 0:14:39]} Qf7 {[%clk
0:49:28]} 36. Re1 {[%clk 0:03:40]} a3 {[%clk 0:46:35]} 37. Bc1 {[%clk 0:02:46]}
Rd8 {[%clk 0:42:28]} 38. Bd2 {[%clk 0:03:04]} Qc7 {[%clk 0:42:00]} 39. f4 {[%clk
0:02:38]} Be7 {[%clk 0:38:22]} 40. Rb1 {[%clk 0:02:35]} Qa5 {[%clk 0:37:28]} 41.
Qg6 {[%clk 0:01:54]} Qb6 {[%clk 0:33:36]} 42. f5 {[%clk 0:02:07]} Rf8 {[%clk
0:30:24]} 43. Qxe6 {[%clk 0:01:08]} Qxe6 {[%clk 0:29:41]} 44. fxe6 {[%clk
0:01:36]} Kg8 {[%clk 0:25:30]} 45. Bxb4 {[%clk 0:01:20]} Rb8 {[%clk 0:25:47]} 46.
Bxe7 {[%clk 0:01:31]} Rxb1 {[%clk 0:26:09]} 47. Bxa3 {[%clk 0:01:32]} d3 {[%clk
0:26:20]} 48. e7 {[%clk 0:01:46]} Kf7 {[%clk 0:26:43]} 49. e6+ {[%clk 0:02:03]}
Ke8 {[%clk 0:27:12]} 50. c5 {[%clk 0:01:50]} d2 {[%clk 0:27:28]} 51. c6 {[%clk
0:02:02]} d1Q {[%clk 0:27:48]} 52. c7 {[%clk 0:02:09]} Rc1 {[%clk 0:26:50]} 0-1

[Event "U12-U20 French Championships"]
[Site "chess24.com"]
[Date "2019.04.21"]
[Round "9"]
[White "Ranguin, Anna"]
[Black "Azan, Sarah"]
[Result "1-0"]
[Board "10"]
[WhiteElo "1539"]
[WhiteCountry "FRA"]
[WhiteFideId "26066696"]
[WhiteEloChange "5"]
[BlackElo "1349"]
[BlackCountry "FRA"]
[BlackFideId "36055808"]
[BlackEloChange "-5"]

1. d4 {[%clk 1:30:53]} d5 {[%clk 1:30:55]} 2. c4 {[%clk 1:31:00]} c6 {[%clk
1:31:19]} 3. Nf3 {[%clk 1:30:57]} Nf6 {[%clk 1:31:14]} 4. Nc3 {[%clk 1:30:06]} e6
{[%clk 1:30:46]} 5. Bg5 {[%clk 1:29:54]} Be7 {[%clk 1:29:56]} 6. e3 {[%clk
1:29:31]} Nbd7 {[%clk 1:29:01]} 7. cxd5 {[%clk 1:26:43]} cxd5 {[%clk 1:27:09]} 8.
Rc1 {[%clk 1:26:26]} a6 {[%clk 1:25:40]} 9. Bd3 {[%clk 1:25:33]} O-O {[%clk
1:24:31]} 10. O-O {[%clk 1:25:49]} Re8 {[%clk 1:24:15]} 11. Bb1 {[%clk 1:23:10]}
g6 {[%clk 1:14:16]} 12. Na4 {[%clk 1:19:21]} b5 {[%clk 1:05:08]} 13. Nc5 {[%clk
1:18:36]} Qb6 {[%clk 0:58:09]} 14. b4 {[%clk 1:12:31]} Qb8 {[%clk 0:49:10]} 15.
Qb3 {[%clk 1:09:10]} Nb6 {[%clk 0:46:44]} 16. Ne5 {[%clk 1:06:31]} Nc4 {[%clk
0:43:44]} 17. Nc6 {[%clk 1:02:52]} Qd6 {[%clk 0:40:52]} 18. Nxe7+ {[%clk
1:02:24]} Qxe7 {[%clk 0:40:38]} 19. Rfd1 {[%clk 0:59:48]} e5 {[%clk 0:36:34]} 20.
dxe5 {[%clk 0:55:58]} Qxe5 {[%clk 0:36:10]} 21. Bxf6 {[%clk 0:55:00]} Qxf6 {[%clk
0:36:22]} 22. Rxd5 {[%clk 0:54:47]} Bg4 {[%clk 0:25:17]} 23. h3 {[%clk 0:53:51]}
Bxh3 {[%clk 0:14:15]} 24. gxh3 {[%clk 0:52:56]} Qf3 {[%clk 0:14:04]} 25. e4
{[%clk 0:52:31]} Qf4 {[%clk 0:09:16]} 26. Rcd1 {[%clk 0:51:31]} f5 {[%clk
0:07:13]} 27. Rd7 {[%clk 0:45:21]} Rf8 {[%clk 0:04:15]} 28. Ne6 {[%clk 0:45:13]}
Qh6 {[%clk 0:03:26]} 29. Nxf8 {[%clk 0:45:12]} Rxf8 {[%clk 0:03:45]} 30. exf5
{[%clk 0:44:22]} Qg5+ {[%clk 0:03:27]} 31. Qg3 {[%clk 0:44:27]} Qf6 {[%clk
0:03:02]} 32. fxg6 {[%clk 0:44:22]} Ne5 {[%clk 0:02:15]} 33. gxh7+ {[%clk
0:42:26]} Kh8 {[%clk 0:02:39]} 34. Rd8 {[%clk 0:40:06]} Nf3+ {[%clk 0:01:42]} 35.
Kg2 {[%clk 0:37:29]} Rxd8 {[%clk 0:01:35]} 36. Rxd8+ {[%clk 0:37:30]} Qxd8 {[%clk
0:01:58]} 37. Qg8+ {[%clk 0:37:29]} Qxg8+ {[%clk 0:02:16]} 38. hxg8Q+ {[%clk
0:37:49]} Kxg8 {[%clk 0:02:40]} 39. Kxf3 {[%clk 0:00:31]} 1-0

[Event "U12-U20 French Championships"]
[Site "chess24.com"]
[Date "2019.04.21"]
[Round "9"]
[White "Travadon, Loic"]
[Black "Derige Kane, Yan"]
[Result "1-0"]
[Board "11"]
[WhiteTitle "FM"]
[WhiteElo "2456"]
[WhiteCountry "FRA"]
[WhiteFideId "26092131"]
[WhiteEloChange "1"]
[BlackElo "2057"]
[BlackCountry "FRA"]
[BlackFideId "20665431"]
[BlackEloChange "-2"]

1. Nf3 {[%clk 1:30:58]} Nf6 {[%clk 1:30:50]} 2. c4 {[%clk 1:31:17]} e6 {[%clk
1:30:57]} 3. b3 {[%clk 1:31:34]} d5 {[%clk 1:30:37]} 4. Bb2 {[%clk 1:31:56]} Be7
{[%clk 1:30:42]} 5. e3 {[%clk 1:32:21]} b6 {[%clk 1:23:43]} 6. Nc3 {[%clk
1:31:49]} Bb7 {[%clk 1:22:59]} 7. cxd5 {[%clk 1:31:52]} exd5 {[%clk 1:22:58]} 8.
d4 {[%clk 1:32:06]} Nbd7 {[%clk 1:22:20]} 9. Bd3 {[%clk 1:32:18]} Ne4 {[%clk
1:09:10]} 10. O-O {[%clk 1:31:56]} O-O {[%clk 1:08:07]} 11. Ne2 {[%clk 1:30:27]}
Bd6 {[%clk 1:00:17]} 12. Ne5 {[%clk 1:27:06]} Qe7 {[%clk 0:56:45]} 13. Nxd7
{[%clk 1:19:09]} Qxd7 {[%clk 0:57:03]} 14. f3 {[%clk 1:14:02]} Nf6 {[%clk
0:56:26]} 15. Ng3 {[%clk 1:14:04]} Rfe8 {[%clk 0:54:15]} 16. Qd2 {[%clk 1:10:47]}
g6 {[%clk 0:46:36]} 17. Rae1 {[%clk 1:07:38]} Qe7 {[%clk 0:38:35]} 18. Nh1 {[%clk
1:05:26]} Bb4 {[%clk 0:35:50]} 19. Bc3 {[%clk 1:05:48]} a5 {[%clk 0:35:19]} 20.
Nf2 {[%clk 1:05:00]} c5 {[%clk 0:31:32]} 21. a4 {[%clk 1:02:44]} Bxc3 {[%clk
0:27:19]} 22. Qxc3 {[%clk 1:03:12]} Rac8 {[%clk 0:27:28]} 23. Bb5 {[%clk
1:03:04]} Bc6 {[%clk 0:24:06]} 24. Bxc6 {[%clk 1:03:26]} Rxc6 {[%clk 0:24:30]}
25. Nd3 {[%clk 1:03:38]} Re6 {[%clk 0:16:36]} 26. dxc5 {[%clk 1:03:36]} bxc5
{[%clk 0:16:59]} 27. Qxc5 {[%clk 1:00:49]} Qxc5 {[%clk 0:17:03]} 28. Nxc5 {[%clk
1:01:19]} Rxe3 {[%clk 0:17:18]} 29. Rxe3 {[%clk 0:59:58]} Rxe3 {[%clk 0:17:41]}
30. Rb1 {[%clk 1:00:01]} Re7 {[%clk 0:09:33]} 31. b4 {[%clk 1:00:11]} axb4 {[%clk
0:09:57]} 32. Rxb4 {[%clk 1:00:33]} Ra7 {[%clk 0:09:45]} 33. Kf2 {[%clk 1:00:50]}
Rc7 {[%clk 0:07:10]} 34. Rb5 {[%clk 0:59:37]} Ne8 {[%clk 0:07:05]} 35. Ke3 {[%clk
0:59:00]} Kg7 {[%clk 0:02:28]} 36. Kd4 {[%clk 0:58:54]} Re7 {[%clk 0:01:58]} 37.
Rb2 {[%clk 0:55:48]} Nd6 {[%clk 0:00:40]} 38. Kxd5 {[%clk 0:56:08]} Nf5 {[%clk
0:00:59]} 39. a5 {[%clk 0:56:16]} Ne3+ {[%clk 0:00:41]} 40. Kd4 {[%clk 0:55:49]}
Nf5+ {[%clk 0:00:46]} 41. Kc4 {[%clk 0:56:06]} Ne3+ {[%clk 0:00:40]} 42. Kb5
{[%clk 0:56:22]} Nd1 {[%clk 0:00:33]} 43. Rc2 {[%clk 0:56:07]} Re3 {[%clk
0:00:39]} 44. a6 {[%clk 0:56:17]} Ra3 {[%clk 0:00:42]} 45. Rc4 {[%clk 0:55:16]}
1-0

[Event "U12-U20 French Championships"]
[Site "chess24.com"]
[Date "2019.04.21"]
[Round "9"]
[White "Grall, Alba"]
[Black "Bellahcene, Meriem"]
[Result "1/2-1/2"]
[Board "17"]
[WhiteElo "1802"]
[WhiteCountry "FRA"]
[WhiteFideId "26098393"]
[WhiteEloChange "2"]
[BlackElo "1883"]
[BlackCountry "FRA"]
[BlackFideId "20655347"]
[BlackEloChange "-2"]

1. d4 {[%clk 1:30:58]} d5 {[%clk 1:30:53]} 2. Bf4 {[%clk 1:30:46]} Nf6 {[%clk
1:29:13]} 3. Nc3 {[%clk 1:29:32]} Bf5 {[%clk 1:25:17]} 4. e3 {[%clk 1:28:02]} e6
{[%clk 1:24:25]} 5. a3 {[%clk 1:24:59]} a5 {[%clk 1:16:59]} 6. Nf3 {[%clk
1:24:57]} Bd6 {[%clk 1:15:38]} 7. Bg3 {[%clk 1:18:55]} O-O {[%clk 1:14:11]} 8.
Be2 {[%clk 1:17:06]} c6 {[%clk 1:13:22]} 9. O-O {[%clk 1:16:47]} Bxg3 {[%clk
1:06:58]} 10. hxg3 {[%clk 1:15:39]} Qd6 {[%clk 1:06:57]} 11. Ne5 {[%clk 1:09:24]}
Nfd7 {[%clk 0:57:57]} 12. g4 {[%clk 0:56:21]} Bg6 {[%clk 0:57:03]} 13. f4 {[%clk
0:52:53]} f6 {[%clk 0:48:24]} 14. Nxg6 {[%clk 0:45:49]} hxg6 {[%clk 0:48:53]} 15.
Bd3 {[%clk 0:44:50]} Kf7 {[%clk 0:46:30]} 16. g5 {[%clk 0:37:16]} Rh8 {[%clk
0:43:32]} 17. Qg4 {[%clk 0:36:13]} f5 {[%clk 0:44:01]} 18. Qg3 {[%clk 0:33:57]}
Na6 {[%clk 0:44:18]} 19. Kf2 {[%clk 0:33:27]} b5 {[%clk 0:38:21]} 20. Rh1 {[%clk
0:33:28]} Nc7 {[%clk 0:38:01]} 21. Rh3 {[%clk 0:27:44]} b4 {[%clk 0:34:01]} 22.
Na4 {[%clk 0:22:53]} c5 {[%clk 0:31:46]} 23. Rxh8 {[%clk 0:17:52]} Rxh8 {[%clk
0:32:15]} 24. axb4 {[%clk 0:17:36]} c4 {[%clk 0:30:15]} 25. Be2 {[%clk 0:15:40]}
Qxb4 {[%clk 0:28:43]} 26. c3 {[%clk 0:11:11]} Qb5 {[%clk 0:24:57]} 27. Kg1 {[%clk
0:10:47]} Nb6 {[%clk 0:19:58]} 28. Nc5 {[%clk 0:08:51]} Qxb2 {[%clk 0:18:39]} 29.
Qe1 {[%clk 0:09:08]} Qb5 {[%clk 0:06:25]} 30. Nb7 {[%clk 0:08:00]} Qc6 {[%clk
0:06:21]} 31. Nxa5 {[%clk 0:08:15]} Qd7 {[%clk 0:06:15]} 32. Nb7 {[%clk 0:08:35]}
Ra8 {[%clk 0:06:12]} 33. Rxa8 {[%clk 0:07:42]} Ncxa8 {[%clk 0:05:39]} 34. Nc5
{[%clk 0:07:59]} Qa7 {[%clk 0:05:57]} 35. g4 {[%clk 0:06:02]} Qa5 {[%clk
0:04:51]} 36. gxf5 {[%clk 0:05:43]} exf5 {[%clk 0:05:08]} 37. Bf3 {[%clk
0:06:01]} Nc7 {[%clk 0:04:21]} 38. Qb1 {[%clk 0:04:54]} Qa7 {[%clk 0:02:16]} 39.
Qb2 {[%clk 0:04:51]} Ke7 {[%clk 0:02:16]} 40. Qb4 {[%clk 0:04:19]} Kf7 {[%clk
0:02:24]} 41. Qb2 {[%clk 0:04:44]} Ke8 {[%clk 0:01:56]} 42. Kf2 {[%clk 0:04:20]}
Qa5 {[%clk 0:01:35]} 43. Kg3 {[%clk 0:04:24]} Ke7 {[%clk 0:01:50]} 44. Nb7 {[%clk
0:04:15]} Qa6 {[%clk 0:01:53]} 45. Nc5 {[%clk 0:04:40]} Qb5 {[%clk 0:01:02]} 46.
Qa3 {[%clk 0:04:24]} Kf7 {[%clk 0:00:44]} 47. Qa7 {[%clk 0:04:26]} Qc6 {[%clk
0:00:34]} 48. Na6 {[%clk 0:03:28]} Na8 {[%clk 0:01:03]} 49. Nxc7 {[%clk 0:03:47]}
Nxc7 {[%clk 0:01:18]} 50. Bxd5+ {[%clk 0:04:06]} Qxd5 {[%clk 0:01:45]} 51. Qxc7+
{[%clk 0:04:27]} Kg8 {[%clk 0:02:09]} 52. Qc8+ {[%clk 0:03:02]} Kh7 {[%clk
0:02:37]} 53. Qc5 {[%clk 0:02:20]} Qe4 {[%clk 0:02:23]} 54. d5 {[%clk 0:02:08]}
Qd3 {[%clk 0:01:07]} 55. Qd4 {[%clk 0:02:09]} Qf1 {[%clk 0:01:36]} 56. Qd2 {[%clk
0:01:29]} Qg1+ {[%clk 0:01:17]} 57. Kf3 {[%clk 0:01:34]} Qf1+ {[%clk 0:01:40]}
58. Kg3 {[%clk 0:01:15]} Qg1+ {[%clk 0:02:08]} 59. Kf3 {[%clk 0:01:09]} Qh1+
{[%clk 0:00:37]} 60. Qg2 {[%clk 0:00:04]} Qd1+ {[%clk 0:00:52]} 1/2-1/2

[Event "U12-U20 French Championships"]
[Site "chess24.com"]
[Date "2019.04.21"]
[Round "9"]
[White "Pucheu, Camille"]
[Black "Georget, Laureline"]
[Result "0-1"]
[Board "18"]
[WhiteElo "1695"]
[WhiteCountry "FRA"]
[WhiteFideId "36046752"]
[WhiteEloChange "-12"]
[BlackElo "1642"]
[BlackCountry "FRA"]
[BlackFideId "26053284"]
[BlackEloChange "12"]

1. e4 {[%clk 1:30:51]} c5 {[%clk 1:30:55]} 2. Nf3 {[%clk 1:31:10]} Nc6 {[%clk
1:31:18]} 3. d4 {[%clk 1:31:28]} cxd4 {[%clk 1:31:41]} 4. Nxd4 {[%clk 1:31:53]}
d6 {[%clk 1:31:35]} 5. Nc3 {[%clk 1:31:18]} g6 {[%clk 1:31:15]} 6. Be3 {[%clk
1:29:55]} Bg7 {[%clk 1:31:23]} 7. Be2 {[%clk 1:30:05]} Nf6 {[%clk 1:30:58]} 8.
O-O {[%clk 1:30:15]} O-O {[%clk 1:30:45]} 9. Nb3 {[%clk 1:29:47]} Be6 {[%clk
1:22:13]} 10. f4 {[%clk 1:28:51]} Qc8 {[%clk 1:16:16]} 11. Nd4 {[%clk 1:04:45]}
Nxd4 {[%clk 0:55:11]} 12. Bxd4 {[%clk 1:03:10]} Re8 {[%clk 0:47:36]} 13. Bb5
{[%clk 0:45:42]} Bd7 {[%clk 0:45:29]} 14. Bxd7 {[%clk 0:45:09]} Nxd7 {[%clk
0:42:52]} 15. Bxg7 {[%clk 0:39:06]} Kxg7 {[%clk 0:43:19]} 16. Kh1 {[%clk
0:38:09]} Nb6 {[%clk 0:41:08]} 17. Qd4+ {[%clk 0:33:26]} Kg8 {[%clk 0:41:16]} 18.
f5 {[%clk 0:31:24]} f6 {[%clk 0:37:37]} 19. Qe3 {[%clk 0:25:04]} Kg7 {[%clk
0:36:34]} 20. h4 {[%clk 0:15:27]} Nc4 {[%clk 0:35:29]} 21. Qg3 {[%clk 0:11:13]}
Nxb2 {[%clk 0:31:24]} 22. Rf4 {[%clk 0:10:29]} Rg8 {[%clk 0:26:53]} 23. Nd5
{[%clk 0:06:09]} Kf7 {[%clk 0:26:20]} 24. Qb3 {[%clk 0:06:00]} Nc4 {[%clk
0:24:45]} 25. Rd1 {[%clk 0:02:15]} b5 {[%clk 0:22:35]} 26. Ne3 {[%clk 0:01:06]}
Qc5 {[%clk 0:21:19]} 27. Ng4 {[%clk 0:01:01]} Kg7 {[%clk 0:20:19]} 28. Rd5 {[%clk
0:00:50]} Qa3 {[%clk 0:20:03]} 29. Rxb5 {[%clk 0:00:40]} Qc1+ {[%clk 0:19:58]}
30. Kh2 {[%clk 0:00:38]} Qxf4+ {[%clk 0:20:20]} 31. g3 {[%clk 0:00:44]} Qxg4
{[%clk 0:16:33]} 32. Qxc4 {[%clk 0:01:08]} Rac8 {[%clk 0:16:24]} 33. Qd3 {[%clk
0:01:20]} Rc7 {[%clk 0:16:16]} 34. c4 {[%clk 0:00:46]} Rgc8 {[%clk 0:16:21]} 35.
Rb4 {[%clk 0:00:48]} gxf5 {[%clk 0:16:19]} 36. exf5 {[%clk 0:00:35]} Rxc4 {[%clk
0:16:12]} 37. Rxc4 {[%clk 0:00:33]} Rxc4 {[%clk 0:16:14]} 38. Qe3 {[%clk
0:00:44]} Rc2+ {[%clk 0:16:25]} 0-1